000 00555nam a22001817a 4500
003 0
005 20240923103141.0
008 240923b xxu||||| |||| 00| 0 eng d
020 _a978-93-575126-8-8
050 _aLB 1727
_b.St74 2024
100 _aStewart, Najem
245 _aAdministration & reorganisation of teacher education
_cStewart, Najem
260 _aNew Delhi India
_bRandom publications
_cC2024
300 _avi, 240p.
_c24cm.
500 _aTeacher--training of.
650 _aIncludes bibliographical references & index.
942 _2lcc
_cBK
999 _c366326
_d366326